Đố tục giảng thanh và giai thoại chữ nghĩa
Gespeichert in:
| 1. Verfasser: | |
|---|---|
| Format: | Buch |
| Sprache: | Undetermined |
| Veröffentlicht: |
Hà Nội
VHTT
2000
|
| Schlagworte: | |
| Tags: |
Tag hinzufügen
Keine Tags, Fügen Sie den ersten Tag hinzu!
|
| Thư viện lưu trữ: | Trung tâm Học liệu Trường Đại học Cần Thơ |
|---|
| LEADER | 00575nam a2200193Ia 4500 | ||
|---|---|---|---|
| 001 | CTU_39449 | ||
| 008 | 210402s9999 xx 000 0 und d | ||
| 020 | |b 32.000đ | ||
| 082 | |a 398.6 | ||
| 082 | |b B111 | ||
| 100 | |a Nguyễn Trọng Báu | ||
| 245 | 0 | |a Đố tục giảng thanh và giai thoại chữ nghĩa | |
| 245 | 0 | |c Nguyễn Trọng Báu | |
| 260 | |a Hà Nội | ||
| 260 | |b VHTT | ||
| 260 | |c 2000 | ||
| 650 | |a folk literature, vietnamese,vietnamese riddles | ||
| 904 | |i Minh, 001121 | ||
| 980 | |a Trung tâm Học liệu Trường Đại học Cần Thơ | ||